000 00631cam a22002293a 4500
001 5949
003 PGUSA
005 20140828083126.0
008 040601s2004||||xxu|||||s|||||000 | eng d
040 _aPGUSA
_beng
042 _adc
050 4 _aPS
100 1 _aTarkington, Booth,
_d1869-1946
245 1 0 _aBeasley's Christmas Party
_h[electronic resource] /
_cBooth Tarkington
260 _bProject Gutenberg,
_c2004
506 _aPublic domain in the USA.
516 _aElectronic text
653 _aChristmas stories
830 0 _aProject Gutenberg
_v5949
856 4 0 _uhttp://www.gutenberg.org/ebooks/5949
942 _cEB
999 _c235277
_d235277